Topografía subterránea

Tallennettuna:
Bibliografiset tiedot
Päätekijä: Tapia Gómez, Ana (Tekijä)
Aineistotyyppi: Kirja
Kieli:espanja
Julkaistu: Ciudad de México Alfaomega 1999
Painos:1a. ed
Aiheet:
Tagit: Lisää tagi
Ei tageja, Lisää ensimmäinen tagi!

MARC

LEADER 00000nam a2200000 a 4500
001 UCJ9722
003 CL-VaPUC
008 070405e19990000MX |||||||||||||||||spa|d
020 |a 9701504577 
082 0 4 |a 526.98  |b TAP  |2 21 
100 0 |a Tapia Gómez, Ana  |e author  |9 519767 
245 1 0 |a Topografía subterránea 
250 |a 1a. ed 
300 |a 212 p 
942 |c BK 
945 |d 20070405 00:00:00  |a cmena 
260 |a Ciudad de México  |b Alfaomega  |c 1999 
650 0 |a Topografía   |9 260423 
650 7 |a PLANIMETRIA  |2 CL-VaPUC  |9 519768 
650 7 |a SONDEOS SUBTERRANEOS  |2 CL-VaPUC  |9 360045 
650 7 |a LEVANTAMIENTOS SUBTERRANEOS  |2 CL-VaPUC  |9 360046 
650 7 |a PROSPECCION MINERA  |2 CL-VaPUC  |9 360047 
650 0 |a Obras viales  |9 519769 
650 7 |a TUNELES  |2 CL-VaPUC  |9 260490 
583 |a last modification  |c 20070405 00:00:00  |k Rodrigo Vera 
999 |c 325134  |d 325132 
952 |0 0  |1 0  |4 0  |6 526_980000000000000_TAP_1999  |7 0  |8 A  |9 405725  |a BIBING  |b BIBING  |d 2019-11-22  |i 4329422  |o 526.98 TAP 1999  |p 4329422  |r 2025-01-20  |w 2019-11-22  |y BK  |k CIC